000
00324nam a2200121Ia 4500
008
220204s9999 xx 000 0 und d
082
_a
301
_b
COS
100
_a
L A
245
0
_a
Masters of sociological thought: Ideas in historical social context
250
_a
Ed.2
260
_a
New York
_b
Harcourt Brace
_c
1977
942
_c
BK
999
_c
29021
_d
29021